000 00356pab a2200157 454500
008 180718b1998 xxu||||| |||| 00| 0 eng d
100 _aBasu, Kaushik
245 _aOn measuring literacy
260 _c1998
300 _ap.1733-749
362 _aNov
650 _aLiteracy
700 _aFoster, James E.
773 _aEconomic Journal
909 _a39649
999 _c39649
_d39649